مكتبة جامعة عجلون الوطنية

فهرس بحث المكتبة

Normal view MARC view
  • التواتي ، عادل ابراهيم/ عبد الناصر يوسف الزوكى

Entry Personal Name

Number of records used in: 1

001 - CONTROL NUMBER

  • control field: 17483

003 - CONTROL NUMBER IDENTIFIER

  • control field: JO-AjAnu

005 - DATE AND TIME OF LATEST TRANSACTION

  • control field: 20230606073103.0

008 - FIXED-LENGTH DATA ELEMENTS

  • fixed length control field: 230606|| aca||aabn | a|a d

040 ## - CATALOGING SOURCE

  • Original cataloging agency: JO-AjAnu
  • Transcribing agency: JO-AjAnu

100 ## - HEADING--PERSONAL NAME

  • Personal name: التواتي ، عادل ابراهيم/ عبد الناصر يوسف الزوكى

670 ## - SOURCE DATA FOUND

  • Source citation: Work cat.: (JO-AjAnu)8976: التواتي ، عادل ابراهيم/ عبد الناصر يوسف الزوكى, author, متلازمة الضائقة التنفسية الحادة والشديدة